000 00706nam a2200289Ia 4500
005 20260324124305.0
008 008 260324s9999 xx 000 0 eng d
020 _a9781315603490
037 _aEBOOK
040 _aCRL
040 _beng
040 _cCRL
041 _2eng
041 _aeng
084 _qCRL
100 _aMike Rodman Jones
_91173589
245 0 _aRadical Pastoral, 1381–1594
245 0 _bAppropriation and the Writing of Religious Controversy
260 _bTaylor and Francis
260 _c2010
365 _a
365 _b240
856 _uhttp://www.taylorfrancis.com/books/9781315603490
942 _cEBOOK
999 _c1767839
_d1767839